Classic Authors A-D Quiz Stats

Quiz not verified by Sporcle

Challenge
Share
Tweet
Embed
Score 0/20 Timer 10:00
0 Plays Today
Given the work, name the author Author's Name % Correct
David CopperfieldCharles Dickens
96.8%
A Tale of Two CitiesCharles Dickens
96.8%
Sense and SensibilityJane Austen
92.9%
Jane EyreCharlotte Bronte
91%
Wuthering HeightsEmily Bronte
87.8%
The Adventures of Alice in WonderlandLewis Carroll
86.5%
I Know Why the Caged Bird SingsMaya Angelou
71.2%
The Wizard of OzL. Frank Baum
57.1%
The Last of the MohicansJames Fenimore Cooper
55.1%
The Good EarthPearl S. Buck
44.9%
Given the work, name the author Author's Name % Correct
Silent SpringRachel Carson
36.5%
Agnes GrayAnne Bronte
36.5%
Death Comes for the ArchbishopWilla Cather
33.3%
Go Tell It on the MountainJames Baldwin
30.1%
Adventures of Augie MarchSaul Bellow
27.6%
ShogunJames Clavell
24.4%
Winsburg, OhioSherwood Anderson
23.7%
U.S.A.John Dos Passos
19.9%
Robinson CrusoeDaniel Defoe
19.9%
Tobacco RoadErskine Caldwell
13.5%

You're not logged in!

Compare scores with friends on all Sporcle quizzes.
Sign Up with Email
OR
Log In

You Might Also Like...

Show Comments

Extras

Top Quizzes Today


Score Distribution

Your Account Isn't Verified!

In order to create a playlist on Sporcle, you need to verify the email address you used during registration. Go to your Sporcle Settings to finish the process.

Report this User

Report this user for behavior that violates our Community Guidelines.

Details: